| 000 | 00381nam a2200145Ia 4500 | ||
|---|---|---|---|
| 008 | 151213s9999 xx 000 0 und d | ||
| 100 | _aT.S.Eliot | ||
| 245 |
_aThe Family Reunion _cT.S.Eliot |
||
| 260 |
_aLondon _bFaber and Faber Limited. _c1909 - 1935 |
||
| 300 | _a8875 p. | ||
| 650 | _aEnglish Literature | ||
| 650 | _aEnglish Literature | ||
| 700 | _aT.S.Eliot | ||
| 999 |
_c4660 _d4660 |
||